| 000 | 00000nam##2200000za#4500 |
| 001 | 9.571413 |
| 003 | CaOODSP |
| 005 | 20240527135426 |
| 007 | cr ||||||||||| |
| 008 | 150406|2002||||xxc|||||o f|0| 0 eng|d |
| 040 | |aCaOODSP|beng |
| 043 | |an-cn--- |
| 086 | 1 |aCW69-16/2-2002E-PDF |
| 110 | 2 |aCanadian Wildlife Service. |
| 245 | 10|aProposals to amend the Canadian Migratory Birds Regulations, December 2001 / |h[electronic resource]|cedited by Stephen Bonser and Hélène Lévesque. |
| 260 | |aGatineau - Quebec : |bEnvironment Canada. |cDecember 2001. |
| 300 | |a54p.|bmaps, references, tables |
| 490 | 1 |aCWS migratory birds regulatory report|vNo. 5 |
| 500 | |aThe catalogue number (CW69-16/2-2002E), ISBN (0-662-31478-6) and ISSN (1497-0139) for the print edition have been incorrectly copied in this electronic publication. |
| 590 | |a12-04-Supp|b2012-02-20 |
| 775 | 08|tPropositions de modification du Règlement sur les oiseaux migrateurs du Canada, Décembre 2001 / |w(CaOODSP)9.602024 |
| 776 | 0#|tProposals to amend the Canadian migratory birds regulations / |w(CaOODSP)9.615851 |
| 830 | #0|aCWS migratory birds regulatory report ;|vNo. 5|w(CaOODSP)9.505137 |
| 856 | 40|ahttp://publications.gc.ca|qPDF|s1.13 MB|uhttps://publications.gc.ca/collections/Collection/CW69-16-2-2002E.pdf|yNo. 5 |